<?xml version="1.0" encoding="UTF-8"?><?xml-stylesheet type="text/xsl" href="static/style.xsl"?><OAI-PMH xmlns="http://www.openarchives.org/OAI/2.0/" xmlns:xsi="http://www.w3.org/2001/XMLSchema-instance" xsi:schemaLocation="http://www.openarchives.org/OAI/2.0/ http://www.openarchives.org/OAI/2.0/OAI-PMH.xsd"><responseDate>2026-04-17T21:26:42Z</responseDate><request verb="GetRecord" identifier="oai:riubu.ubu.es:10259/7975" metadataPrefix="marc">https://riubu.ubu.es/oai/request</request><GetRecord><record><header><identifier>oai:riubu.ubu.es:10259/7975</identifier><datestamp>2023-11-10T01:05:41Z</datestamp><setSpec>com_10259_4596</setSpec><setSpec>com_10259.4_2574</setSpec><setSpec>com_10259.4_106</setSpec><setSpec>com_10259_2604</setSpec><setSpec>col_10259_4597</setSpec></header><metadata><record xmlns="http://www.loc.gov/MARC21/slim" xmlns:doc="http://www.lyncode.com/xoai" xmlns:xsi="http://www.w3.org/2001/XMLSchema-instance" xmlns:dcterms="http://purl.org/dc/terms/" xsi:schemaLocation="http://www.loc.gov/MARC21/slim http://www.loc.gov/standards/marcxml/schema/MARC21slim.xsd">
<leader>00925njm 22002777a 4500</leader>
<datafield tag="042" ind1=" " ind2=" ">
<subfield code="a">dc</subfield>
</datafield>
<datafield tag="720" ind1=" " ind2=" ">
<subfield code="a">Méndez Aparicio, Mª Dolores</subfield>
<subfield code="e">author</subfield>
</datafield>
<datafield tag="720" ind1=" " ind2=" ">
<subfield code="a">Jiménez Zarco, Ana Isabel</subfield>
<subfield code="e">author</subfield>
</datafield>
<datafield tag="720" ind1=" " ind2=" ">
<subfield code="a">Izquierdo Yusta, Alicia</subfield>
<subfield code="e">author</subfield>
</datafield>
<datafield tag="720" ind1=" " ind2=" ">
<subfield code="a">Blázquez Resino, Juan José</subfield>
<subfield code="e">author</subfield>
</datafield>
<datafield tag="260" ind1=" " ind2=" ">
<subfield code="c">2020-10</subfield>
</datafield>
<datafield tag="520" ind1=" " ind2=" ">
<subfield code="a">Digital transformation has allowed to offer additional services—which complement the main product—both in terms of use, emotional, and relationship terms. Focusing on a traditionally rational insurance customer offering a value that explores the customer’s emotions, from co-creating with the user, allows brand differentiation. Given this idea, this document has three purposes. First is identify the true role of&#xd;
expectations and the perceived quality of the customer’s digital experience. Second is to identify the relationship between customer experience and satisfaction gained in private insurance web areas. Third is to identify the most valued digital attributes by the user. A sample of 4,178 customers registered was analyzed using the partial least-squares technique. The model is highly predictive to customer experience and evidence the important relationship between the WOW effect and satisfaction, as well as the weak but double role that expectations play on insurance digital selfservice. The model demonstrates that expectations are only relevant before web consumption, because during the process it is the perceived digital quality, in particular the usefulness, information, and technology, that offers a true customer experience. This article offers high academic value because it more accurately defines the determinants&#xd;
of the digital insurance customer experience and its effect on customer satisfaction in digital services. While expectations influence attitude before service, this research reveals that perceived digital quality is what delivers a true customer experience. Strategically, the implications are immediate in the field of business as it shows the importance of co-creation in digital design, not only because of the significant&#xd;
savings in implementation costs but also because it guarantees a greater experience, essential in the loyalty of its customers. This ensures the sustainable growth of the company.</subfield>
</datafield>
<datafield tag="024" ind2=" " ind1="8">
<subfield code="a">http://hdl.handle.net/10259/7975</subfield>
</datafield>
<datafield tag="024" ind2=" " ind1="8">
<subfield code="a">10.3389/fpsyg.2020.581659</subfield>
</datafield>
<datafield tag="024" ind2=" " ind1="8">
<subfield code="a">1664-1078</subfield>
</datafield>
<datafield ind1=" " ind2=" " tag="653">
<subfield code="a">Customer digital experience</subfield>
</datafield>
<datafield ind1=" " ind2=" " tag="653">
<subfield code="a">Customer satisfaction</subfield>
</datafield>
<datafield ind1=" " ind2=" " tag="653">
<subfield code="a">Quality web</subfield>
</datafield>
<datafield ind1=" " ind2=" " tag="653">
<subfield code="a">Customer expectations</subfield>
</datafield>
<datafield ind1=" " ind2=" " tag="653">
<subfield code="a">Private customer web areas</subfield>
</datafield>
<datafield ind1=" " ind2=" " tag="653">
<subfield code="a">Effect WOW</subfield>
</datafield>
<datafield ind1=" " ind2=" " tag="653">
<subfield code="a">Insurance field</subfield>
</datafield>
<datafield ind1=" " ind2=" " tag="653">
<subfield code="a">Co-creation</subfield>
</datafield>
<datafield tag="245" ind1="0" ind2="0">
<subfield code="a">Customer Experience and Satisfaction in Private Insurance Web Areas</subfield>
</datafield>
</record></metadata></record></GetRecord></OAI-PMH>